ख्वाजा अहमद अब्बास मेरी कथा-यात्रा आलिफ लैला 1956 (Record no. 63651)
[ view plain ]
| 000 -LEADER | |
|---|---|
| fixed length control field | 00399nam a22000977a 4500 |
| 100 ## - MAIN ENTRY--AUTHOR NAME | |
| Personal name | कुमार,अजीत |
| 245 ## - TITLE STATEMENT | |
| Title | ख्वाजा अहमद अब्बास मेरी कथा-यात्रा आलिफ लैला 1956 |
| 260 ## - PUBLICATION, DISTRIBUTION, ETC. (IMPRINT) | |
| Place of publication | दिल्ली |
| Name of publisher | डी पी एस बुक्स |
| Year of publication | 2019 |
| 650 ## - SUBJECT ADDED ENTRY--TOPICAL TERM | |
| Topical Term | कहानी |
| 942 ## - ADDED ENTRY ELEMENTS (KOHA) | |
| Koha item type | Hindi Books |
| Withdrawn status | Lost status | Damaged status | Not for loan | Home library | Current library | Date acquired | Cost, normal purchase price | Full call number | Accession Number | Price effective from | Koha item type |
|---|---|---|---|---|---|---|---|---|---|---|---|
| MACL | MACL | 16/10/2020 | 550.00 | 891.433/KUM/S | CRH038468 | 16/10/2020 | Hindi Books |









